Statistics for Best Selling Albums of 2012

Click here to take the quiz!

General Stats

  • This quiz has been taken 323 times
  • The average score is 6 of 20

Answer Stats

Sold
(m)
ArtistAlbum% Correct
9.2Adele21
89%
3.8Taylor SwiftRed
77%
3.6One DirectionUp All Night
44%
2.9One DirectionTake Me Home
42%
1.7Ed Sheeran+
41%
2.9Lana Del ReyBorn To Die
41%
2.3Justin BieberBelieve
36%
2.2ColdplayMylo Xyloto
34%
2.7Mumford & SonsBabel
31%
1.6Fun.Some Nights
28%
2.4PinkThe Truth About Love
23%
2.0Maroon 5Overexposed
20%
2.0Michael BubléChristmas
19%
1.7David GuettaNothing But The Beat
19%
1.9Emeli SandéOur Version Of Events
17%
1.8GotyeMaking Mirrors
16%
1.6Black KeysEl Camino
11%
1.6Linkin ParkThe Living Things
11%
1.6Bruce SpringsteenWrecking Ball
7%
1.6Rod StewartMerry Christmas Baby
2%

Score Distribution

Percentile by Number Answered

Percent of People with Each Score

Your Score History

You have not taken this quiz